Republican Party Presidential Candidates - Statistics

General Stats
  • This quiz has been taken 165 times
    67 since last reset
  • The average score is 34 of 43
Answer Stats
Year % of Vote Candidate % Correct
2016 46.1 Donald Trump
100%
2020 46.9 Donald Trump
100%
2024 49.9 Donald Trump
100%
1988 53.4 George H. W. Bush
97%
1992 37.4 George H. W. Bush
97%
2000 47.9 George W. Bush
97%
2004 50.7 George W. Bush
97%
1980 50.7 Ronald Reagan
97%
1984 58.8 Ronald Reagan
97%
1860 39.8 Abraham Lincoln
95%
1864 55.0 Abraham Lincoln
95%
1960 49.6 Richard Nixon
93%
1968 43.4 Richard Nixon
93%
1972 60.7 Richard Nixon
93%
1952 55.2 Dwight Eisenhower
92%
1956 57.4 Dwight Eisenhower
92%
1976 48.0 Gerald Ford
92%
1928 58.2 Herbert Hoover
86%
1932 39.7 Herbert Hoover
86%
1904 56.4 Theodore Roosevelt
86%
2008 45.7 John McCain
85%
2012 47.2 Mitt Romney
83%
1924 54.0 Calvin Coolidge
81%
1868 52.7 Ulysses Grant
80%
1872 55.6 Ulysses Grant
80%
1896 51.0 William McKinley
76%
1900 51.6 William McKinley
76%
1908 51.6 William Howard Taft
75%
1912 23.2 William Howard Taft
75%
1920 60.3 Warren Harding
71%
1964 38.5 Barry Goldwater
69%
1876 47.9 Rutherford Hayes
69%
1944 45.9 Thomas Dewey
69%
1948 45.1 Thomas Dewey
69%
1888 47.8 Benjamin Harrison
68%
1892 43.0 Benjamin Harrison
68%
1996 40.7 Bob Dole
68%
1880 48.3 James Garfield
66%
1936 36.5 Alf Landon
53%
1856 33.1 John Fremont
51%
1940 44.8 Wendell Willkie
47%
1916 46.1 Charles Hughes
42%
1884 48.3 James Blaine
41%
No matching quizzes found
Score Distribution
Percent of People with Each Score
Percentile by Number Answered
Your Score History
You have not taken this quiz since the last reset